000 00515cam a22001337a 4500
008 180718b1955 xxu||||| |||| 00| 0 eng d
082 _aI56 M582
245 _aThree aspects of records management: a transcript of remarks made at the 7th annual Management Institute
_cby Michigan. University. Institute of Public Administration
260 _a
_b
_c1955
300 _a37p.
440 _aPapers in Public Administration, No. 12
650 _aRecords
700 _aMichigan. University. Institute of Public Administration
999 _c480559
_d480559